[Event "TUR-chT"]
[Site "Kocaeli"]
[Date "2015.08.08"]
[Round "6.6"]
[White "Yurtsever, Senel"]
[Black "Soysal, Serkan"]
[Result "0-1"]
[WhiteElo "1843"]
[BlackElo "2293"]
[PlyCount "54"]
[EventDate "2015.08.04"]
[EventType "team-tourn"]
[EventRounds "13"]
[EventCountry "TUR"]
[SourceTitle "CBM 167 Extra"]
[Source "ChessBase"]
[SourceDate "2015.09.14"]
[SourceVersion "1"]
[SourceVersionDate "2015.09.14"]
[SourceQuality "1"]
[WhiteTeam "Pamukkale Yonetimi"]
[BlackTeam "Kahramanmaras Buyuksehir"]
[WhiteTeamCountry "TUR"]
[BlackTeamCountry "TUR"]

1. e4 e6 2. d4 d5 3. e5 c5 4. c3 Nc6 5. Nf3 Bd7 6. dxc5 Bxc5 7. b4 Bb6 8. Bd3 Nge7 9. Bg5 Qc7 10. Bxe7 Nxe7 11. 0-0 Ng6 12. Re1 0-0 13. h4 f6 14. Bxg6 hxg6 15. Qd3 fxe5 16. Qxg6 Rf6 17. Qg3 e4 18. Qxc7 Bxc7 19. Ng5 Bb6 20. Re2 Raf8 21. Nh3 Bb5 22. Rb2 e3 23. fxe3 Rf1+ 24. Kh2 Bxe3 25. a4 Bd3 26. Raa2 Bxb1 27. Ra1 Bd3 0-1

[Event "TUR-chT"]
[Site "Kocaeli"]
[Date "2015.08.04"]
[Round "1.2"]
[White "Solak, Dragan"]
[Black "Yurtsever, Senel"]
[Result "1-0"]
[WhiteElo "2622"]
[BlackElo "1843"]
[PlyCount "131"]
[EventDate "2015.08.04"]
[EventType "team-tourn"]
[EventRounds "13"]
[EventCountry "TUR"]
[SourceTitle "CBM 167 Extra"]
[Source "ChessBase"]
[SourceDate "2015.09.14"]
[SourceVersion "1"]
[SourceVersionDate "2015.09.14"]
[SourceQuality "1"]
[WhiteTeam "Besiktas Jimnastik"]
[BlackTeam "Pamukkale Yonetimi"]
[WhiteTeamCountry "TUR"]
[BlackTeamCountry "TUR"]

1. e4 c6 2. d4 d5 3. e5 Bf5 4. Nd2 e6 5. Nb3 c5 6. dxc5 Bxc5 7. Bb5+ Nc6 8. a4 Qb6 9. Nxc5 Qxc5 10. c3 Qb6 11. Nf3 Nge7 12. Be3 Qc7 13. Bc5 a6 14. Bd6 Qb6 15. Bxc6+ bxc6 16. b4 Bg4 17. Bxe7 Kxe7 18. Qd4 Qxd4 19. Nxd4 Rhc8 20. Kd2 Bf5 21. Nb3 g5 22. a5 f6 23. Rae1 fxe5 24. Rxe5 Kf6 25. Re3 e5 26. h3 Re8 27. g4 Bg6 28. Nc5 Ra7 29. Rhe1 h6 30. Ke2 Ree7 31. Kf1 Ra8 32. Rxe5 Rxe5 33. Nd7+ Ke6 34. Nxe5 Be8 35. Nxc6+ Kd6 36. Nd4 Bd7 37. Kg2 Rf8 38. Re3 Rf4 39. Rf3 Ke5 40. Re3+ Kd6 41. f3 Rf8 42. Kg3 Rf4 43. h4 Rf8 44. h5 Rf4 45. Nb3 Bb5 46. Kf2 Rf8 47. Nd4 Bd7 48. Ke2 Rf6 49. Kd2 Rf4 50. Re1 Rf8 51. Rb1 Ra8 52. Kd3 Rf8 53. Re1 Rf4 54. Kc2 Rf8 55. Kb3 Rf6 56. Ka3 Bb5 57. Nf5+ Kd7 58. Re7+ Kc8 59. Nd4 Kd8 60. Re6 Rxe6 61. Nxe6+ Ke7 62. Nd4 Bd3 63. b5 axb5 64. Kb4 Kd7 65. Kc5 Bc4 66. Kb6 1-0